LEADER 01388nam a2200301 4500 001 000000358136 003 CaOOAMICUS 005 20240513144444.0 008 240424s2021 it a 000 u ita r 020 $a979-1-254-63010-5 040 $aSeMil$bita 100 1 $aMontalbetti, Alessandra.$0(OLS)http://semarc/name/119609 245 10$aBrera a occhi aperti :$btrenta capolavori imperdibili /$c[testi Alessandra Montalbetti]. 246 0 $aTrenta capolavori imperdibili 264 1$aVenezia :$bMarsilio ;$a[Milano] :$bPinacoteca di Brera,$c2021. 300 $a[63] p. :$bill. ;$c20 cm 500 $aPubblicato anche in inglese e in francese 500 $aTitolo della copertina 650 4$aMilano - Pinacoteca di Brera - Cataloghi.$0(OLS)http://semarc/subject/6695 850 $aSeMil 852 $aSeMil$W1$xVenegono$y1$m5K I 61$j247967$B249252$CSeMilBibl$Z2$F249252 $81 961 $aBrambilla don Paolo - Omaggio 996 $6020$a979-1-254-63010-5$9(OLS)http://semarc/number/300290 996 $6245$aBrera a occhi aperti :$btrenta capolavori imperdibili$9(OLS)http://semarc/title/448420 996 $6246$aTrenta capolavori imperdibili$9(OLS)http://semarc/title/448419 996 $6264$aVenezia :$bMarsilio$9(OLS)http://semarc/publisher/30231 996 $6264$a[Milano] :$bPinacoteca di Brera$9(OLS)http://semarc/publisher/61704 LEADER 00481nab a2200157 i 4500 001 000000265435 003 CaOOAMICUS 005 20190625123612.0 008 061127n xx uu u0 0und r 013 $a8503 040 $aSeMil$bita 245 10$aFascicolo 836. 500 $aSETTEMBRE-OTTOBRE 2006 (N. 836). 773 0 $t[2006 : fascicoli 832-837].$dMilano : Scuola Beato Angelico, copyr. 2006.$w()148682 996 $6245$aFascicolo 836$9(OLS)http://semarc/title/423966 LEADER 01207nam a2200265 i 4500 001 000000127958 003 CaOOAMICUS 005 20070530000000.0 008 070530s1982 it u000 u ita u 013 $a100675 040 $aSeMil$bita 245 10$aLogica matematica e psicanalisi :$bPeano, Vailati, Peirce /$c[Scritti di] Verdiglione ... [et al.]. 260 $aMilano :$bSpirali,$c1982. 300 $a253 p. ;$c21 cm. 490 0 $aNominazione : collana-rivista internazionale di logica : anno 3 ;$v3 500 $aContiene : Bibliografia. - Fondo card. C.M. Martini. 650 4$aPsicanalisi e logica matematica.$0(OLS)http://semarc/subject/25164 700 1 $aVerdiglione, Armando <1944- >.$0(OLS)http://semarc/name/6427 830 0$aNominazione : collana-rivista internazionale di logica : anno 3 ;$v3.$0(OLS)http://semarc/title/188977 850 $aSeMil 852 $aSeMil$W1$xVenegono$y1$m2O II 416$j82202$B82202$CSeMilBibl$Z2$F124353 $81 941 1 $a4 961 $aOmaggio: Martini Card. Carlo Maria 996 $6245$aLogica matematica e psicanalisi :$bPeano, Vailati, Peirce$9(OLS)http://semarc/title/188976 996 $6260$aMilano :$bSpirali$9(OLS)http://semarc/publisher/32251